000 00581nam a2200193Ia 4500
003 OSt
005 20251021165856.0
008 Pun
037 _cTB
040 _aARTS
_cARTS
_bPun
041 _2Pun
_aPun
084 _aO153,1L53:g J4
_qAL
100 _aਅਮੋਲ, ਸ ਸ, ਥਦ.
_9818105
245 0 _aਹਾFਮ Fਾਹ ਤੇ ਕਿੱਸਾ ਸੱਸੀ ਪੁੰਨੂੰ
260 _c1954.
650 _aਪੰਜਾਬੀ ਸਾਹਿਤ
_9849085
942 _hO153,1L53:g J4
_cTB
_2CC
_n0
999 _c383247
_d383247